Statistics for Countries Closest to the Northern Tip of Russia - One Minute Sprint

Click here to take the quiz!

General Stats

  • This quiz has been taken 45 times
  • The average score is 17 of 24

Answer Stats

kmcountrymiles% Correct
2553Sweden1586
98%
2296Finland1427
95%
2196Norway1365
95%
2137Canada1328
90%
3814United Kingdom2370
90%
2643United States1642
90%
2803Kazakhstan1742
83%
2855Mongolia1774
83%
2801China1740
81%
3526Latvia2191
79%
3321Estonia2063
76%
3942Japan2449
74%
3703Lithuania2301
74%
3894Denmark2420
71%
4034North Korea2507
71%
3961Poland2461
71%
3637Belarus2260
67%
3489Iceland2468
67%
3916Ukraine2433
64%
4498South Korea2795
52%
1841Greenland1206
50%
4081Uzbekistan2536
43%
4044Kyrgyzstan2513
38%
3763Faroe Islands2338
29%

Score Distribution

Percentile by Number Answered

Percent of People with Each Score

Your Score History

You have not taken this quiz